000 01098nam a2200301Ia 4500
001 Para_9055
003 CHAP
008 220125s2005 xx 000 0 und d
010 _a207832
040 _cCHAP
090 _aPA TESIS 1918
100 _aAcevedo Peralta, Antonio Ismael
_9516
245 _aPlagas insectiles en tres variedades de frijol (Phaseolus vulgaris L.) con diferentes habitos de crecimiento y su efecto en el rendimiento, en Texcoco, México /
_c por Antonio Ismael Acevedo Peralta
260 _aChapingo, Méx. :
_b el autor
300 _a86 h.
502 _aTesis (Ing. Agr. Esp. en Parasitología Agrícola) -- UACh. Departamento Parasitología Agrícola
650 _aFrijol
_x plagas
_943415
650 _aFrijol
_x rendimiento
_943429
650 _aFrijol
_x variedades resistentes a plagas
_943450
710 _aUACh. Departamento Parasitología Agrícola
_9164025
901 _aPA TESIS 1918
902 _aM
905 _a0000002005 mx mn 0000000000sp 00
910 _a2005
942 _cPARA
942 _cPARA
_d2
999 _c207832
_d207832